[Event "Mercredi 2022.03.02 ABCDE"]
[Site "Montreal CAN"]
[Date "2022.03.02"]
[Round "1"]
[White "Kozlov, Guennadi"]
[Black "Beaulieu, Pierre"]
[Result "0-1"]
[WhiteElo "1905"]
[BlackElo "1896"]
[PlyCount "159"]
[EventDate "2022.03.02"]
[EventType "tourn"]
[EventRounds "5"]
[EventCountry "CAN"]

1. e4 g6 2. d4 Bg7 3. Nc3 c5 4. Be3 Qa5 5. Qd2 cxd4 6. Bxd4 Bxd4 7. Qxd4 Nf6 8.
Bd3 Nc6 9. Qe3 d6 10. Nge2 O-O 11. O-O a6 12. a3 Ng4 13. Qg3 Nge5 14. Nf4 Nxd3
15. cxd3 Be6 16. Ncd5 Bxd5 17. Nxd5 Qd2 18. Nb6 Rad8 19. Nc4 Qh6 20. Ne3 Qg7
21. Rab1 Nd4 22. Kh1 f5 23. Nd5 Nb3 24. Rfd1 e6 25. Nf4 Nd4 26. Qe3 e5 27. Nd5
f4 28. Qh3 f3 29. Rbc1 Rf7 30. Rc4 fxg2+ 31. Qxg2 Rdf8 32. Rf1 Nf3 33. Rfc1 h6
34. Rc7 h5 35. Rxf7 Rxf7 36. Qh3 Ng5 37. Qg3 Nf3 38. Qh3 Kh7 39. Qc8 h4 40. Rc7
Rxc7 41. Qxc7 Qxc7 42. Nxc7 Ne1 43. Ne8 Nxd3 44. Kg2 g5 45. Nxd6 b5 46. b4 Ne1+
47. Kh3 Kg6 48. Ne8 Nc2 49. Nc7 Nxa3 50. Nxa6 Nc2 51. Nc7 Nxb4 52. Nxb5 Kh5 53.
Kg2 Kg4 54. Nc3 h3+ 55. Kf1 Kf3 56. Nd5 Nd3 57. Ne3 Kxe4 58. Ke2 Nf4+ 59. Kf1
Kf3 60. Kg1 Nd3 61. Nc4 Ke2 62. Nd6 Ne1 63. Ne4 Nf3+ 64. Kh1 Ke1 65. Ng3 Kxf2
66. Ne4+ Ke3 67. Nf2 Nxh2 68. Nxh3 Nf3 69. Kg2 g4 70. Nf2 Kf4 71. Nd3+ Ke3 72.
Nf2 Kf4 73. Nd3+ Kg5 74. Kg3 e4 75. Nf2 Nd2 76. Nxg4 Nf1+ 77. Kf2 Kxg4 78. Kxf1
Kf3 79. Ke1 Ke3 80. Kd1 0-1

[Event "Mercredi 2022.03.02 ABCDE"]
[Site "Montreal CAN"]
[Date "2022.03.02"]
[Round "1"]
[White "Latorre, Vincent"]
[Black "Hagopian, Christian"]
[Result "1-0"]
[WhiteElo "1970"]
[BlackElo "1908"]
[PlyCount "63"]
[EventDate "2022.03.02"]
[EventType "tourn"]
[EventRounds "5"]
[EventCountry "CAN"]

1. e4 c5 2. Nf3 e6 3. Nc3 Nc6 4. d4 cxd4 5. Nxd4 d6 6. Be3 Nf6 7. f3 Be7 8. Bc4
a6 9. Bb3 Qc7 10. Qd2 Bd7 11. O-O-O Nxd4 12. Bxd4 Bc6 13. g4 O-O 14. h4 Nd7 15.
Kb1 Nc5 16. g5 Nxb3 17. axb3 Rad8 18. Qe3 Rd7 19. h5 f6 20. g6 h6 21. f4 e5 22.
Bb6 Qb8 23. Qh3 Qe8 24. Qe6+ Kh8 25. Be3 Bd8 26. Rxd6 Qxe6 27. Rxe6 Bc7 28. f5
Ba5 29. Nd5 Bxd5 30. exd5 Rxd5 31. Re7 Rb5 32. Bxh6 1-0

[Event "Mercredi 2022.03.02 ABCDE"]
[Site "Montreal CAN"]
[Date "2022.03.02"]
[Round "1"]
[White "Lopez Linares, Lizandro"]
[Black "Cardin, Guillaume"]
[Result "0-1"]
[WhiteElo "2217"]
[BlackElo "2010"]
[PlyCount "64"]
[EventDate "2022.03.02"]
[EventType "tourn"]
[EventRounds "5"]
[EventCountry "CAN"]

1. d4 Nf6 2. c4 g6 3. Nf3 Bg7 4. Nc3 d5 5. Bf4 O-O 6. e3 c5 7. dxc5 Qa5 8. Rc1
dxc4 9. Bxc4 Qxc5 10. Bb3 Nc6 11. O-O Qa5 12. Qe2 Nh5 13. Bg3 Nxg3 14. hxg3 Bg4
15. Qc2 Rfd8 16. a3 Qh5 17. Nh2 Bf5 18. e4 Nd4 19. Qd1 Qxd1 20. Bxd1 Be6 21. f4
Nb3 22. Bxb3 Bd4+ 23. Kh1 Bxb3 24. Nf3 Be3 25. Rce1 Bc4 26. Ne2 Bd2 27. Nxd2
Rxd2 28. Rf2 Rxb2 29. Kg1 Rd8 30. Nc1 Rdd2 31. Rxd2 Rxd2 32. Kh2 Rc2 0-1

[Event "Mercredi 2022.03.02 ABCDE"]
[Site "Montreal CAN"]
[Date "2022.03.02"]
[Round "1"]
[White "Milosz, Jerzy"]
[Black "Gauthier, Luc"]
[Result "1/2-1/2"]
[WhiteElo "1578"]
[BlackElo "1622"]
[PlyCount "64"]
[EventDate "2022.03.02"]
[EventType "tourn"]
[EventRounds "5"]
[EventCountry "CAN"]

1. e4 Nf6 2. Nc3 e5 3. a3 Nc6 4. Nf3 Be7 5. Bc4 O-O 6. O-O d6 7. h3 h6 8. Re1
Re8 9. Nd5 Be6 10. Nxe7+ Qxe7 11. Bxe6 Qxe6 12. d3 Rad8 13. c3 d5 14. Qb3 dxe4
15. Qxe6 Rxe6 16. dxe4 Red6 17. b4 Rd1 18. Bb2 Rxa1 19. Bxa1 b5 20. c4 bxc4 21.
Nxe5 Nxe5 22. Bxe5 Rd3 23. Rc1 Nxe4 24. Rxc4 Rd1+ 25. Kh2 Nxf2 26. Bxc7 Ra1 27.
Bb8 Rxa3 28. Rc8+ Kh7 29. Rc7 Nd3 30. Rxf7 Kg6 31. Rxa7 Rxa7 32. Bxa7 Nxb4
1/2-1/2

[Event "Mercredi 2022.03.02 ABCDE"]
[Site "Montreal CAN"]
[Date "2022.03.02"]
[Round "1"]
[White "Rodrigue-Lemieux, Shawn"]
[Black "Genzling, Jerome"]
[Result "1-0"]
[WhiteElo "2417"]
[BlackElo "2009"]
[PlyCount "81"]
[EventDate "2022.03.02"]
[EventType "tourn"]
[EventRounds "5"]
[EventCountry "CAN"]

1. c4 Nf6 2. g3 c6 3. Bg2 d5 4. Nf3 g6 5. b3 Bg7 6. Bb2 O-O 7. O-O Re8 8. e3
Bg4 9. h3 Bxf3 10. Bxf3 e5 11. d3 Nbd7 12. cxd5 cxd5 13. d4 e4 14. Be2 Rc8 15.
Nc3 Re6 16. Rc1 Rec6 17. Qd2 Bf8 18. Rc2 a6 19. Rfc1 Qc7 20. Kg2 Bd6 21. Bd1
Qb8 22. Qe2 Kg7 23. f4 exf3+ 24. Qxf3 Rxc3 25. Rxc3 Rxc3 26. Bxc3 Ne4 27. Be1
Ndf6 28. g4 Qe8 29. Bh4 g5 30. Be1 Qe7 31. Qf5 Bb8 32. Rc8 Qd6 33. Qe5 Qxe5 34.
dxe5 Bxe5 35. Bb4 Kg6 36. Bc2 h5 37. Kf3 hxg4+ 38. hxg4 Kg7 39. Bf8+ Kg6 40.
Rd8 Nxg4 41. Bxe4+ 1-0

[Event "Mercredi 2022.03.02 ABCDE"]
[Site "Montreal CAN"]
[Date "2022.03.02"]
[Round "1"]
[White "Singher, Jean-Pierre"]
[Black "Batorshyn, Ilia"]
[Result "0-1"]
[WhiteElo "2009"]
[BlackElo "1706"]
[PlyCount "70"]
[EventDate "2022.03.02"]
[EventType "tourn"]
[EventRounds "5"]
[EventCountry "CAN"]

1. d4 Nf6 2. c4 e6 3. Nf3 d5 4. Nc3 Be7 5. e3 O-O 6. Bd3 b6 7. O-O Bb7 8. Re1
Nbd7 9. b3 c5 10. Qe2 Rc8 11. Bb2 Qc7 12. Rac1 Rfd8 13. cxd5 exd5 14. Bb1 Qb8
15. Red1 a6 16. Ne5 Bd6 17. f4 Nf8 18. Na4 Qa7 19. Qf3 Ne6 20. Ba3 b5 21. Nxc5
Nxc5 22. Bxc5 Bxc5 23. dxc5 Rxc5 24. b4 d4 25. e4 Rxc1 26. Rxc1 d3+ 27. Qf2
Qxf2+ 28. Kxf2 Nxe4+ 29. Ke3 d2 30. Rd1 Nc3 31. Rxd2 Rxd2 32. Kxd2 Nxb1+ 33.
Kc2 Na3+ 34. Kb3 Nc4 35. Nxc4 Bd5 0-1

[Event "Mercredi 2022.03.02 ABCDE"]
[Site "Montreal CAN"]
[Date "2022.03.09"]
[Round "2"]
[White "Bardyn, Renaud"]
[Black "Milosz, Jerzy"]
[Result "1-0"]
[WhiteElo "1722"]
[BlackElo "1578"]
[PlyCount "99"]
[EventDate "2022.03.02"]
[EventType "tourn"]
[EventRounds "5"]
[EventCountry "CAN"]

1. e4 c6 2. d4 d5 3. Nc3 dxe4 4. Nxe4 Bf5 5. Qf3 Qd5 6. Bd3 Bxe4 7. Qxe4 Qxe4+
8. Bxe4 Nf6 9. Bd3 e6 10. Nf3 Bd6 11. Bg5 Nbd7 12. h3 h6 13. Bd2 Nd5 14. g3 Nb4
15. Bxb4 Bxb4+ 16. Nd2 Bxd2+ 17. Kxd2 O-O-O 18. Rhe1 Nf6 19. c3 Rd6 20. Kc2
Rhd8 21. Bf1 Kc7 22. b4 b6 23. Rad1 c5 24. dxc5 bxc5 25. Rxd6 Rxd6 26. b5 Nd7
27. a4 Rd5 28. a5 Re5 29. Rxe5 Nxe5 30. Be2 f6 31. f4 Nd7 32. Kd3 Kd6 33. Bf3
e5 34. f5 Nb8 35. Kc4 Nd7 36. Bc6 Nb8 37. Be4 Nd7 38. Kd3 Nb8 39. c4 Nd7 40. g4
Nb8 41. Bd5 Nd7 42. Ke4 Kc7 43. Be6 Nf8 44. Kd5 e4 45. Kxe4 Nxe6 46. fxe6 g6
47. e7 Kd7 48. e8=Q+ Kxe8 49. b6 axb6 50. a6 1-0

[Event "Mercredi 2022.03.02 ABCDE"]
[Site "Montreal CAN"]
[Date "2022.03.09"]
[Round "2"]
[White "Batorshyn, Ilia"]
[Black "Boudreau, Daniel"]
[Result "1/2-1/2"]
[WhiteElo "1709"]
[BlackElo "1944"]
[PlyCount "88"]
[EventDate "2022.03.02"]
[EventType "tourn"]
[EventRounds "5"]
[EventCountry "CAN"]

1. Nf3 Nf6 2. c4 b6 3. g3 Bb7 4. Bg2 e6 5. O-O Be7 6. d4 d6 7. Nc3 O-O 8. Qc2
Nbd7 9. Rd1 c6 10. e4 Qc7 11. d5 e5 12. Nh4 Rfe8 13. Nf5 Bf8 14. dxc6 Bxc6 15.
b3 a5 16. Ba3 Nc5 17. Bxc5 bxc5 18. Rd3 g6 19. Ne3 Qb7 20. Ned5 Nxd5 21. Nxd5
Bxd5 22. Rxd5 Qb4 23. a3 Qb6 24. Rb1 Reb8 25. f4 Bg7 26. Qd3 Ra6 27. Kh1 exf4
28. gxf4 Bd4 29. h4 Qd8 30. Qg3 Bg7 31. e5 Qe7 32. exd6 Rxd6 33. Re1 Re6 34.
Rxe6 fxe6 35. Rd1 Rf8 36. Re1 Qd6 37. Rxe6 Qxf4 38. Qxf4 Rxf4 39. Bd5 Rxh4+ 40.
Kg2 Kf8 41. Rc6 Bd4 42. Kg3 g5 43. Ra6 Be5+ 44. Kf3 Bc3 1/2-1/2

[Event "Mercredi 2022.03.02 ABCDE"]
[Site "Montreal CAN"]
[Date "2022.03.04"]
[Round "2"]
[White "Beaulieu, Pierre"]
[Black "Jean, Robert"]
[Result "1-0"]
[WhiteElo "1896"]
[BlackElo "1785"]
[PlyCount "89"]
[EventDate "2022.03.02"]
[EventType "tourn"]
[EventRounds "5"]
[EventCountry "CAN"]

1. Nf3 Nf6 2. d4 e6 3. c4 b6 4. g3 Bb7 5. Bg2 Bb4+ 6. Bd2 Be7 7. O-O O-O 8. Nc3
Ne4 9. d5 Nxc3 10. Bxc3 d6 11. dxe6 fxe6 12. Qd3 g6 13. Bh3 Bc8 14. Qe4 d5 15.
Bxe6+ Bxe6 16. Qxe6+ Rf7 17. Ne5 Qf8 18. cxd5 Bd6 19. Nxf7 Qxf7 20. Qxf7+ Kxf7
21. e4 Nd7 22. f4 Re8 23. Rfe1 Nc5 24. e5 Bf8 25. Rad1 Nb7 26. Kg2 a5 27. a3
Nc5 28. Kf3 a4 29. Bb4 Nb7 30. Bxf8 Kxf8 31. g4 Nc5 32. h4 Ke7 33. d6+ cxd6 34.
exd6+ Kd7 35. Rxe8 Kxe8 36. Rd5 Kd7 37. h5 Ke6 38. hxg6 hxg6 39. Rg5 Kf6 40.
Ke3 Nd7 41. Kd4 Nf8 42. Rb5 Nd7 43. Kd5 Kf7 44. Kc6 Ke8 45. Rg5 1-0

[Event "Mercredi 2022.03.02 ABCDE"]
[Site "Montreal CAN"]
[Date "2022.03.09"]
[Round "2"]
[White "Cardin, Guillaume"]
[Black "Johnson-Constantin, Mathieu"]
[Result "0-1"]
[WhiteElo "2010"]
[BlackElo "2134"]
[PlyCount "118"]
[EventDate "2022.03.02"]
[EventType "tourn"]
[EventRounds "5"]
[EventCountry "CAN"]

1. d4 Nf6 2. c4 g6 3. g3 Bg7 4. Bg2 O-O 5. Nc3 d6 6. Nf3 c5 7. d5 Bg4 8. h3
Bxf3 9. exf3 e6 10. O-O exd5 11. cxd5 Nbd7 12. f4 a6 13. a4 b6 14. Be3 Ne8 15.
Re1 Nc7 16. Ne4 Nf6 17. f5 Nfxd5 18. f6 Nxe3 19. fxe3 Bh8 20. Nxd6 Rb8 21. Ne4
Bxf6 22. Qxd8 Bxd8 23. Rad1 Ne6 24. Rd7 Bc7 25. Red1 Rbd8 26. Kf2 Be5 27. b3 f5
28. Rxd8 Rxd8 29. Rxd8+ Nxd8 30. Ng5 Kg7 31. Bd5 b5 32. axb5 axb5 33. g4 h6 34.
Ne6+ Nxe6 35. Bxe6 Kf6 36. gxf5 gxf5 37. Bd5 Kg5 38. Kf3 Kh4 39. Kg2 Bc7 40.
Be6 Kg5 41. Kf3 Kf6 42. Bg8 Ke5 43. Bf7 Bd8 44. Bg8 Bh4 45. Bf7 Be1 46. Bg8 Kf6
47. Bd5 Bd2 48. Bg8 Kg5 49. Be6 h5 50. Bf7 Kh4 51. Kf4 Bxe3+ 52. Kxe3 Kxh3 53.
Bxh5 Kg3 54. Ke2 c4 55. b4 f4 56. Be8 f3+ 57. Ke3 f2 58. Ke2 Kg2 59. Bc6+ Kg1
0-1

[Event "Mercredi 2022.03.02 ABCDE"]
[Site "Montreal CAN"]
[Date "2022.03.09"]
[Round "2"]
[White "Destree, Frederic"]
[Black "Di Matteo, Alessio"]
[Result "0-1"]
[WhiteElo "1833"]
[BlackElo "1766"]
[PlyCount "132"]
[EventDate "2022.03.02"]
[EventType "tourn"]
[EventRounds "5"]
[EventCountry "CAN"]

1. Nf3 d6 2. d4 Nf6 3. g3 b6 4. Bg2 Bb7 5. O-O g6 6. c4 Bg7 7. Nc3 O-O 8. Qc2
Nbd7 9. Rd1 e6 10. b3 Re8 11. Bb2 d5 12. cxd5 exd5 13. e3 Rc8 14. Rac1 Qe7 15.
Qe2 c6 16. a3 Red8 17. Rc2 h6 18. Rdc1 Qe6 19. b4 b5 20. a4 a6 21. a5 Bf8 22.
Na2 Ne4 23. Qe1 Bd6 24. Nd2 Ndf6 25. Nb3 Nd7 26. f3 Ng5 27. Qd2 Re8 28. Re1 Qf5
29. Rf1 Rxe3 30. Qxe3 Qxc2 31. Rf2 Qb1+ 32. Bc1 Qf5 33. Bd2 Nf6 34. Nac1 Re8
35. Qc3 Nh3+ 36. Bxh3 Qxh3 37. Nd3 Nd7 38. Nbc5 Nxc5 39. Nxc5 Bc8 40. Nxa6 Bd7
41. Nc5 Bc8 42. Nd3 Bd7 43. Ne5 Bxe5 44. dxe5 Qh5 45. f4 Kh7 46. Qf3 Bg4 47.
Qc3 Bh3 48. Qc1 d4 49. Qe1 Qf5 50. Re2 Qd3 51. Qf2 Rd8 52. Be1 Qb1 53. Rb2 Qe4
54. Re2 Qd5 55. Rd2 d3 56. Qe3 h5 57. a6 Qb3 58. a7 Qa3 59. Kf2 Bf5 60. Qb6 Rd7
61. Qxc6 Qxa7+ 62. Qc5 Qxc5+ 63. bxc5 Rc7 64. Ke3 Rxc5 65. Rb2 Rc2 66. Rxb5
Re2+ 0-1

[Event "Mercredi 2022.03.02 ABCDE"]
[Site "Montreal CAN"]
[Date "2022.03.09"]
[Round "2"]
[White "Genzling, Jerome"]
[Black "Beaudry, Marc-Andre"]
[Result "1-0"]
[WhiteElo "2009"]
[BlackElo "2020"]
[PlyCount "67"]
[EventDate "2022.03.02"]
[EventType "tourn"]
[EventRounds "5"]
[EventCountry "CAN"]

1. e4 c5 2. Nf3 d6 3. d4 cxd4 4. Nxd4 Nf6 5. Nc3 a6 6. g3 e5 7. Nb3 Be7 8. Bg2
b5 9. a4 b4 10. Nd5 Nxd5 11. Qxd5 Ra7 12. Be3 Be6 13. Qd2 Rb7 14. O-O a5 15. f4
O-O 16. Kh1 Nd7 17. Qe2 Qc7 18. Nd2 Nf6 19. Rac1 Rc8 20. f5 Bd7 21. b3 Bc6 22.
g4 d5 23. g5 Nxe4 24. Nxe4 dxe4 25. f6 Bf8 26. fxg7 Bxg7 27. Qh5 Qe7 28. Rcd1
Rd8 29. Rxd8+ Qxd8 30. Bh3 f6 31. Bf5 Bf8 32. Be6+ Kh8 33. gxf6 Qe8 34. Qxe5
1-0

[Event "Mercredi 2022.03.02 ABCDE"]
[Site "Montreal CAN"]
[Date "2022.03.09"]
[Round "2"]
[White "Hagopian, Christian"]
[Black "Barko, Maxim"]
[Result "1/2-1/2"]
[WhiteElo "1908"]
[BlackElo "1945"]
[PlyCount "128"]
[EventDate "2022.03.02"]
[EventType "tourn"]
[EventRounds "5"]
[EventCountry "CAN"]

1. d4 f5 2. c4 Nf6 3. Bg5 Ne4 4. Nf3 Nxg5 5. Nxg5 e5 6. Nf3 e4 7. Nfd2 c5 8.
Nb3 Nc6 9. e3 cxd4 10. exd4 Bb4+ 11. Nc3 O-O 12. Rc1 Qg5 13. a3 Bd6 14. g3 f4
15. c5 Be7 16. Bc4+ Kh8 17. Nxe4 Qf5 18. Bd3 Qh3 19. Bf1 Qf5 20. Qd3 Qe6 21. d5
Qe5 22. dxc6 dxc6 23. Qd4 Qe6 24. Bg2 Qxb3 25. O-O f3 26. Bh1 Bh3 27. Rfe1 Rad8
28. Qc3 Qf7 29. Rcd1 Qh5 30. b4 h6 31. Rxd8 Bxd8 32. Re3 Qd5 33. Qe1 Bg4 34.
Nd6 Bg5 35. Re8 Rxe8 36. Qxe8+ Kh7 37. Qe4+ Qxe4 38. Nxe4 Bc1 39. a4 a6 40. Nd6
Ba3 41. Nxb7 Bxb4 42. h3 Bc8 43. Nd8 Bxc5 44. Bxf3 Bb6 45. Nxc6 Bxh3 46. a5 Bc7
47. Be4+ g6 48. Bd3 Bd7 49. Nb4 Bxa5 50. Nxa6 Bb6 51. Nb4 Kg7 52. Nd5 Bd4 53.
Nf4 g5 54. Nd5 Kf7 55. Ne3 Bxe3 56. fxe3 Kf6 57. Kf2 Bf5 58. Be2 Ke5 59. Bf3
Bg6 60. Ba8 Bf5 61. Bb7 h5 62. Bf3 Bg6 63. Bg2 Bd3 64. Bf3 Bg6 1/2-1/2

[Event "Mercredi 2022.03.02 ABCDE"]
[Site "Montreal CAN"]
[Date "2022.03.09"]
[Round "2"]
[White "Kozlov, Guennadi"]
[Black "Chapdelaine, Gwyn"]
[Result "1-0"]
[WhiteElo "1905"]
[BlackElo "1709"]
[PlyCount "66"]
[EventDate "2022.03.02"]
[EventType "tourn"]
[EventRounds "5"]
[EventCountry "CAN"]

1. e4 c6 2. d4 d5 3. e5 c5 4. c3 Nc6 5. Nf3 Bg4 6. Be2 e6 7. O-O Nh6 8. Bxh6
gxh6 9. Qd2 Rg8 10. Re1 Qb6 11. Rd1 h5 12. a3 Rg6 13. b4 cxd4 14. cxd4 Rc8 15.
Nc3 Bxf3 16. Bxf3 Nxd4 17. Qxd4 Qxd4 18. Rxd4 Rxc3 19. Bxh5 Rg5 20. Be2 Rxe5
21. Bb5+ Kd8 22. Rg4 a6 23. Bf1 h5 24. Rg8 Ke7 25. b5 axb5 26. Bxb5 d4 27. Ba4
Rxa3 28. Rb1 Rxa4 29. f4 Re2 30. Kf1 d3 31. Rg3 Rxf4+ 32. Kg1 d2 33. Rxb7+ Kf6
1-0

[Event "Mercredi 2022.03.02 ABCDE"]
[Site "Montreal CAN"]
[Date "2022.03.09"]
[Round "2"]
[White "Martel, Paul"]
[Black "Gauthier, Luc"]
[Result "0-1"]
[WhiteElo "1609"]
[BlackElo "1622"]
[PlyCount "62"]
[EventDate "2022.03.02"]
[EventType "tourn"]
[EventRounds "5"]
[EventCountry "CAN"]

1. b4 d5 2. Bb2 Qd6 3. a3 e5 4. e3 Nf6 5. Nf3 e4 6. Nd4 c6 7. Be2 Be7 8. d3 O-O
9. Nd2 Be6 10. c4 exd3 11. Bxd3 c5 12. bxc5 Qxc5 13. N2b3 Qd6 14. Nxe6 fxe6 15.
cxd5 exd5 16. Nd4 Ne4 17. Bxe4 dxe4 18. Qb3+ Kh8 19. Qxb7 Nd7 20. Qxe4 Nc5 21.
Qc2 Rab8 22. O-O Qd5 23. Rfd1 Qg5 24. Qe2 Rb6 25. Nf3 Rxb2 26. Qxb2 Rxf3 27.
Qb8+ Rf8 28. Qxa7 Ne4 29. f3 Bc5 30. f4 Qxf4 31. Qxc5 Qf2+ 0-1

[Event "Mercredi 2022.03.02 ABCDE"]
[Site "Montreal CAN"]
[Date "2022.03.09"]
[Round "2"]
[White "Millette, Sylvain"]
[Black "Guindon, Alex"]
[Result "1/2-1/2"]
[WhiteElo "1630"]
[BlackElo "1514"]
[PlyCount "49"]
[EventDate "2022.03.02"]
[EventType "tourn"]
[EventRounds "5"]
[EventCountry "CAN"]

1. Nf3 f5 2. e4 fxe4 3. Ng5 Nf6 4. d3 e6 5. Nc3 Bb4 6. Bd2 exd3 7. Bxd3 O-O 8.
O-O Nc6 9. a3 Be7 10. Re1 Qe8 11. Re3 b6 12. Rh3 h6 13. Nf3 Bb7 14. Nh4 Ne5 15.
Qe2 Nxd3 16. Qxd3 Bd6 17. Ng6 Be4 18. Nxe4 Qxg6 19. Nxd6 Qxd3 20. Rxd3 cxd6 21.
Bb4 Rfc8 22. c3 d5 23. Bd6 b5 24. Be5 Rf8 25. Bxf6 1/2-1/2

[Event "Mercredi 2022.03.02 ABCDE"]
[Site "Montreal CAN"]
[Date "2022.03.09"]
[Round "2"]
[White "Neron, Raynald"]
[Black "Shahabi, Shahab"]
[Result "1-0"]
[WhiteElo "1559"]
[BlackElo "1551"]
[PlyCount "99"]
[EventDate "2022.03.02"]
[EventType "tourn"]
[EventRounds "5"]
[EventCountry "CAN"]

1. e4 c5 2. Nf3 d6 3. d4 cxd4 4. Nxd4 Nf6 5. Nc3 a6 6. Be2 e6 7. Bg5 Be7 8. Qd2
O-O 9. O-O-O Nbd7 10. Kb1 b5 11. Nc6 Qe8 12. Nxe7+ Qxe7 13. Qxd6 Qxd6 14. Rxd6
b4 15. Bxf6 Nxf6 16. e5 Nd7 17. Ne4 Nxe5 18. Nc5 a5 19. f4 Ng6 20. g3 Ne7 21.
Rhd1 g6 22. Bf3 Ra7 23. Nd7 Nf5 24. Nxf8 Nxd6 25. Rxd6 Rc7 26. Rd8 Kg7 27. Be4
h6 28. Bd3 Kf6 29. Rd4 Kg7 30. Nxg6 fxg6 31. Rc4 Rxc4 32. Bxc4 Kf6 33. Kc1 e5
34. Kd2 Bf5 35. fxe5+ Kxe5 36. Bd3 Be4 37. Bxe4 Kxe4 38. Ke2 g5 39. h3 h5 40.
c3 h4 41. gxh4 gxh4 42. c4 Kd4 43. b3 Ke4 44. Kf2 Kf4 45. c5 Ke5 46. Kf3 Kd5
47. Kg4 Kxc5 48. Kxh4 Kd6 49. Kg5 Ke7 50. Kg6 1-0

[Event "Mercredi 2022.03.02 ABCDE"]
[Site "Montreal CAN"]
[Date "2022.03.09"]
[Round "2"]
[White "Rodrigue-Lemieux, Shawn"]
[Black "Lopez Linares, Lizandro"]
[Result "1-0"]
[WhiteElo "2417"]
[BlackElo "2217"]
[PlyCount "69"]
[EventDate "2022.03.02"]
[EventType "tourn"]
[EventRounds "5"]
[EventCountry "CAN"]

1. c4 c6 2. Nf3 d5 3. g3 Nf6 4. Bg2 Bf5 5. cxd5 Nxd5 6. O-O e6 7. d3 Bg6 8. e4
Nb4 9. Ne5 Qd4 10. Nxg6 hxg6 11. a3 Nxd3 12. Be3 Qc4 13. b3 Qa6 14. Ra2 Be7 15.
Rd2 Ne5 16. Bd4 Qa5 17. f4 Ned7 18. Bxg7 Rh7 19. Bb2 Qc7 20. Nc3 Na6 21. e5
O-O-O 22. Ne4 Rdh8 23. h4 Nb6 24. Qe2 Nd5 25. b4 Kb8 26. Bd4 Qd7 27. Rb1 Ka8
28. Bf2 Rc8 29. b5 cxb5 30. Rxb5 Rhh8 31. Qe3 Rc1+ 32. Kh2 Nxe3 33. Rxd7 Ng4+
34. Kh3 Nc7 35. Kxg4 1-0

[Event "Mercredi 2022.03.02 ABCDE"]
[Site "Montreal CAN"]
[Date "2022.03.09"]
[Round "2"]
[White "Singher, Jean-Pierre"]
[Black "Latorre, Vincent"]
[Result "0-1"]
[WhiteElo "2009"]
[BlackElo "1970"]
[PlyCount "72"]
[EventDate "2022.03.02"]
[EventType "tourn"]
[EventRounds "5"]
[EventCountry "CAN"]

1. d4 Nf6 2. Nf3 g6 3. g3 Bg7 4. Bg2 d6 5. O-O O-O 6. Re1 Nbd7 7. d5 a5 8. c4
Nc5 9. Nc3 e5 10. e4 h6 11. b3 Nfd7 12. Be3 Kh7 13. Qc2 f5 14. exf5 gxf5 15.
Nh4 e4 16. Nxe4 fxe4 17. Bxe4+ Nxe4 18. Qxe4+ Kg8 19. Bxh6 Nc5 20. Qg6 Qf6 21.
Bxg7 Qxg7 22. Re7 Qxg6 23. Nxg6 Rf6 24. Nf4 Rf7 25. Re8+ Rf8 26. Re7 Rf7 27.
Re8+ Rf8 28. Rae1 Bd7 29. Rxa8 Rxa8 30. Kg2 Re8 31. Rxe8+ Bxe8 32. Kf3 a4 33.
b4 Na6 34. b5 Nb4 35. Ne6 Nxa2 36. Nxc7 Nb4 0-1

[Event "Mercredi 2022.03.02 ABCDE"]
[Site "Montreal CAN"]
[Date "2022.03.16"]
[Round "3"]
[White "Barko, Maxim"]
[Black "Singher, Jean-Pierre"]
[Result "1/2-1/2"]
[WhiteElo "1945"]
[BlackElo "2009"]
[PlyCount "48"]
[EventDate "2022.03.02"]
[EventType "tourn"]
[EventRounds "5"]
[EventCountry "CAN"]

1. e4 e5 2. Nf3 Nc6 3. Bc4 Be7 4. d4 d6 5. dxe5 Nxe5 6. Nxe5 dxe5 7. Qh5 g6 8.
Qxe5 Nf6 9. Bh6 Rg8 10. Qb5+ c6 11. Qb3 Be6 12. Bxe6 fxe6 13. Nd2 Ng4 14. Bf4
Rf8 15. Bg3 Qd4 16. O-O-O Nxf2 17. Nf3 Rxf3 18. gxf3 Nxd1 19. Rxd1 Qb6 20. Qxe6
Qe3+ 21. Kb1 Qxf3 22. Qg8+ Bf8 23. Qe6+ Be7 24. Qg8+ Bf8 1/2-1/2

[Event "Mercredi 2022.03.02 ABCDE"]
[Site "Montreal CAN"]
[Date "2022.03.16"]
[Round "3"]
[White "Beaudry, Marc-Andre"]
[Black "Cardin, Guillaume"]
[Result "0-1"]
[WhiteElo "2020"]
[BlackElo "2010"]
[PlyCount "84"]
[EventDate "2022.03.02"]
[EventType "tourn"]
[EventRounds "5"]
[EventCountry "CAN"]

1. e4 c5 2. Nf3 Nc6 3. d4 cxd4 4. Nxd4 Nf6 5. Nc3 e5 6. Ndb5 d6 7. Nd5 Nxd5 8.
exd5 Nb8 9. a4 Be7 10. Bd2 O-O 11. a5 Na6 12. Be2 f5 13. O-O Nc7 14. Nxc7 Qxc7
15. c4 Bf6 16. Ra2 e4 17. Qc1 Qe7 18. f4 exf3 19. Bxf3 g5 20. Re1 Qg7 21. b4
Bd7 22. Kh1 Rac8 23. Bd1 Rfe8 24. Rxe8+ Rxe8 25. c5 Be5 26. Bh5 Qh6 27. Qd1 Re7
28. h3 Bg3 29. a6 bxa6 30. Rxa6 Bb5 31. Ra3 f4 32. Bg4 Bd7 33. Rxa7 Bxg4 34.
Ra8+ Kf7 35. Qxg4 Qg6 36. Ra1 h5 37. Qd1 g4 38. Qf1 gxh3 39. Bc3 hxg2+ 40. Qxg2
Qg4 41. Rf1 Re2 42. Qf3 Qh3+ 0-1

[Event "Mercredi 2022.03.02 ABCDE"]
[Site "Montreal CAN"]
[Date "2022.03.16"]
[Round "3"]
[White "Boudreau, Daniel"]
[Black "Hagopian, Christian"]
[Result "1-0"]
[WhiteElo "1944"]
[BlackElo "1908"]
[PlyCount "79"]
[EventDate "2022.03.02"]
[EventType "tourn"]
[EventRounds "5"]
[EventCountry "CAN"]

1. e4 c5 2. Nc3 Nc6 3. Bb5 Nd4 4. Nf3 Nxb5 5. Nxb5 a6 6. Nc3 d6 7. d4 cxd4 8.
Qxd4 e6 9. b3 Qc7 10. Bb2 Nf6 11. O-O-O Bd7 12. Rhe1 Bc6 13. Nd5 Bxd5 14. exd5
e5 15. Nxe5 dxe5 16. Rxe5+ Kd7 17. d6 Bxd6 18. Ba3 Ne8 19. Rd5 Rd8 20. Bxd6
Nxd6 21. Rxd6+ Kc8 22. Rxd8+ Rxd8 23. Qxd8+ Qxd8 24. Rxd8+ Kxd8 25. Kd2 Kd7 26.
Kd3 Kd6 27. Kd4 a5 28. c4 b6 29. a3 f6 30. b4 axb4 31. axb4 g6 32. f4 Kc6 33.
g4 Kd6 34. h4 h6 35. g5 hxg5 36. hxg5 fxg5 37. fxg5 Ke6 38. c5 bxc5+ 39. bxc5
Kd7 40. Ke5 1-0

[Event "Mercredi 2022.03.02 ABCDE"]
[Site "Montreal CAN"]
[Date "2022.03.16"]
[Round "3"]
[White "Chapdelaine, Gwyn"]
[Black "Di Matteo, Alessio"]
[Result "0-1"]
[WhiteElo "1709"]
[BlackElo "1766"]
[PlyCount "63"]
[EventDate "2022.03.02"]
[EventType "tourn"]
[EventRounds "5"]
[EventCountry "CAN"]

1. d4 Nf6 2. c4 e6 3. Nc3 Bb4 4. Nf3 O-O 5. Bg5 c5 6. e3 Nc6 7. Bd3 d5 8. O-O
cxd4 9. exd4 dxc4 10. Bxc4 Be7 11. Re1 Qb6 12. Bb3 Rd8 13. d5 exd5 14. Bxf6
Bxf6 15. Nxd5 Qa5 16. Nxf6+ gxf6 17. Qc2 Bg4 18. Qc4 Bh5 19. Re4 Rd7 20. Rh4
Bxf3 21. gxf3 Ne5 22. Qe4 Ng6 23. Rh3 Re7 24. Qc4 Rae8 25. Rg3 Kh8 26. Kh1 Re1+
27. Rxe1 Qxe1+ 28. Kg2 Re2 29. Qd4 Rxf2+ 30. Kh3 Qf1+ 31. Kg4 Ne5+ 32. Kh4 0-1

[Event "Mercredi 2022.03.02 ABCDE"]
[Site "Montreal CAN"]
[Date "2022.03.10"]
[Round "3"]
[White "Gauthier, Luc"]
[Black "Bardyn, Renaud"]
[Result "1-0"]
[WhiteElo "1622"]
[BlackElo "1722"]
[PlyCount "87"]
[EventDate "2022.03.02"]
[EventType "tourn"]
[EventRounds "5"]
[EventCountry "CAN"]

1. e4 e6 2. d4 d5 3. e5 c5 4. c3 Nc6 5. Be3 cxd4 6. cxd4 Bd7 7. Nc3 a6 8. a3
Nge7 9. Nf3 Nf5 10. Bd3 Nxe3 11. fxe3 Be7 12. O-O f6 13. exf6 Bxf6 14. Qc2 h6
15. Bg6+ Ke7 16. Nxd5+ exd5 17. Qc5+ Ke6 18. e4 Be8 19. exd5+ Qxd5 20. Rae1+
Ne5 21. Bf5+ Kxf5 22. Qxd5 Bc6 23. Nxe5+ Kg5 24. Nxc6+ Kg6 25. Qf5+ Kf7 26.
Re7+ Kg8 27. Qe6+ Kh7 28. Qxf6 Rhg8 29. Qf5+ Kh8 30. Qg6 bxc6 31. Qxh6+ gxh6
32. Rff7 Rg7 33. Rxg7 c5 34. dxc5 a5 35. Rh7+ Kg8 36. Reg7+ Kf8 37. Rh8+ Kxg7
38. Rxa8 h5 39. c6 a4 40. c7 h4 41. Ra6 h3 42. c8=Q Kf7 43. Qd7+ Kf8 44. Ra8#
1-0